History Quiz

Random History Quiz
Score 0/12 Timer 10:00
0 Plays Today
1901 Founding Fathers % Correct
1Carter Ashton Jenkens
93.8%
2Benjamin Donald Gaw
93%
4William Andrew Wallace
90.1%
3William Hugh Carter
89.7%
5Thomas Temple Wright
87%
7Lucian Baum Cox
84.3%
6William Lazell Phillips
84%
9Edgar Lee Allen
81%
8Richard Spurgeon Owens
79.9%
11Frank Webb Kerfoot
74.3%
10Robert Alfred Mcfarland
73.9%
12Thomas Vaden McCaul
73.2%
Remove Ads.
Support Sporcle.
Get the best of Sporcle when you Go Orange. This ad-free experience offers more features, more stats, and more fun while also helping to support Sporcle. Thank you for becoming a member.

You're not logged in!

Compare scores with friends on all Sporcle quizzes.
OR
Log In

Show Comments

Extras

Top Quizzes Today


Score Distribution

Your Account Isn't Verified!

In order to create a playlist on Sporcle, you need to verify the email address you used during registration. Go to your Sporcle Settings to finish the process.

Report this User

Report this user for behavior that violates our Community Guidelines.

Details: